Информация. 1982, №21(380): Операторы советского художественного кино (Запись № 4546298)

Подробности
000 -МАРКЕР
контрольное поле 01146nam2a22002531 4500
001 - ИДЕНТИФИКАТОР ЗАПИСИ
контрольное поле RU\NLR\INFOCOMM18\1000227206
005 - ИДЕНТИФИКАТОР ВЕРСИИ
контрольное поле 20250617020211.0
035 ## - ДРУГИЕ СИСТЕМНЫЕ НОМЕРА
Идентификатор записи (NLR Aleph) 002362298
100 ## - ДАННЫЕ ОБЩЕЙ ОБРАБОТКИ
Данные общей обработки 20041123d1982 |||y0rusy50 ca
101 0# - ЯЗЫК РЕСУРСА
Язык текста, звукозаписи и т.д. русский
102 ## - СТРАНА ПУБЛИКАЦИИ ИЛИ ПРОИЗВОДСТВА
Страна публикации Российская Федерация
105 ## - ПОЛЕ КОДИРОВАННЫХ ДАННЫХ: ТЕКСТОВЫЕ МАТЕРИАЛЫ, МОНОГРАФИЧЕСКИЕ
Кодированные данные о монографическом текстовом документе y |||||||||
200 1# - ЗАГЛАВИЕ И СВЕДЕНИЯ ОБ ОТВЕТСТВЕННОСТИ
Основное заглавие Операторы советского художественного кино
Первые сведения об ответственности В.В. Иванова
210 ## - ПУБЛИКАЦИЯ, РАСПРОСТРАНЕНИЕ И ДР.
Дата издания, распространения и т.д. 1982
Место издания, распространения и т.д. Б. м.
461 #0 - УРОВЕНЬ НАБОРА
Встроенное поле 001RU\NLR\INFOCOMM18\1000227162
-- 2001#$aИнформация$fВсесоюз. об-ние "Союзинформкино" Госкино СССР$v1982, №21(380)
Системный номер (АБИС) связанной записи 4546190
Автор "Союзинформкино", объединение
Место публикации М.
Дата публикации 1981-
Первые сведения об ответственности Всесоюз. об-ние "Союзинформкино" Госкино СССР
Заглавие Информация
Номер тома 1982, №21(380)
700 #1 - ИМЯ ЛИЦА - ПЕРВИЧНАЯ ОТВЕТСТВЕННОСТЬ
Код отношения Автор
Начальный элемент ввода Иванова
Часть имени, кроме начального элемента ввода В. В.
Дополнения к именам, кроме дат театровед
Даты 1921-1996
Расширение инициалов личного имени Вера Викторовна
Системный номер авторитетной/нормативной записи 227557
Идентификатор авторитетной/нормативной записи RU\NLR\AUTH\770227613
801 #1 - ИСТОЧНИК ЗАПИСИ
Страна Российская Федерация
Организация InfoComm
Дата составления 20041123
801 #0 - ИСТОЧНИК ЗАПИСИ
Страна Российская Федерация
Организация NLR
Правила каталогизации PSBO
852 ## - МЕСТОНАХОЖДЕНИЕ И ШИФР ХРАНЕНИЯ
Идентификатор организации NLR
Шифр хранения (Call Number) П49/1740
942 ## - ДОПОЛНИТЕЛЬНЫЕ ЭЛЕМЕНТЫ ЗАПИСИ (АБИС)
Тип экземпляра АБИС Выпуск
980 ## - КОЛЛЕКЦИЯ
Название коллекции Национальная библиография
980 ## - КОЛЛЕКЦИЯ
Название коллекции Русская периодика

Нет доступных экземпляров.